[Event "EU-chT 22nd"]
[Site "Batumi"]
[Date "2019.10.27"]
[Round "4.6"]
[White "Papaioannou, Ioannis"]
[Black "Nisipeanu, Liviu Dieter"]
[Result "0-1"]
[WhiteElo "2645"]
[BlackElo "2656"]
[PlyCount "84"]
[EventDate "2019.10.24"]
[EventType "team-swiss"]
[EventRounds "9"]
[EventCountry "GEO"]
[SourceTitle "CBM 193"]
[Source "ChessBase"]
[SourceDate "2019.12.31"]
[SourceVersion "1"]
[SourceVersionDate "2019.12.31"]
[SourceQuality "1"]
[WhiteTeam "Greece"]
[BlackTeam "Germany"]
[WhiteTeamCountry "GRE"]
[BlackTeamCountry "GER"]

1. d4 d5 2. c4 e6 3. Nf3 Nf6 4. e3 Be7 5. Bd3 dxc4 6. Bxc4 a6 ({RR} 6... c5 7. dxc5 Qxd1+ 8. Kxd1 Bxc5 9. Nbd2 Nbd7 10. b3 b6 11. Bb2 Bb7 12. Ke2 O-O 13. Rhd1 Be7 14. Ne1 Rfd8 15. f3 Nd5 16. Nd3 Kf8 17. e4 Nc7 18. b4 Bf6 19. Rac1 Rac8 20. Ke3 Bg5+ 21. f4 {Kempinski,R (2612)-Ivanchuk,V (2739) Peristeri 2010 ½-½ (31)}) 7. O-O b5 ({RR} 7... O-O 8. Qe2 b5 9. Bd3 Bb7 10. Rd1 Nbd7 11. a4 b4 12. b3 c5 13. Bb2 cxd4 14. Nxd4 Qa5 15. Nd2 Qg5 16. N4f3 Qh5 17. Ne5 {½-½ (17) Zubritskiy,A (2367)-Korchmar,V (2414) Sochi RUS 2026}) 8. Be2 Nbd7 $146 ({RR} 8... Bb7 9. b3 O-O 10. Bb2 Nbd7 11. Nbd2 c5 12. a4 b4 13. Rc1 Rc8 14. Nc4 cxd4 15. exd4 Ne4 16. Bd3 Ndf6 17. Qe2 Nd6 18. Nce5 Qa5 19. Nd2 Nd5 20. Rxc8 Nxc8 21. Qf3 Nd6 22. Nd7 Nf6 23. Qh3 {Miroshnik,E (2104)-Makarova,O (1875) Sochi 2020 1-0 (52)}) ({RR} 8... c5 9. dxc5 Qxd1 10. Rxd1 Bxc5 11. a4 b4 12. Nbd2 Bb7 13. Nb3 Be7 14. Ne5 Nbd7 15. Nxd7 Nxd7 16. Bd2 Bd5 17. Nd4 Ne5 {½-½ (17) Simantsev,M (2486)-Snigurov,M (2068) Lutsk 2018}) 9. a4 b4 10. Nbd2 Bb7 11. Nb3 O-O 12. Bd2 c5 13. dxc5 a5 14. c6 Bxc6 15. Nfd4 Bb7 16. Rc1 Qb6 17. Bb5 Rac8 18. Qe2 Nc5 19. Rfd1 Nfe4 20. Nxc5 Bxc5 21. Be1 Bxd4 22. Rxc8 Rxc8 23. Rxd4 Nd6 24. Qd3 Bd5 25. Bd2 Nxb5 26. axb5 f5 27. g4 Be4 28. Qb3 Kh8 29. h3 h6 30. gxf5 Bxf5 31. Rc4 Rd8 32. Bc1 e5 33. Rc6 Qxb5 34. Qc4 Qb7 35. Kh2 Rf8 36. Qc5 Rf7 37. Qd5 Qe7 38. e4 Bd7 39. Rc2 Rf3 40. Be3 Rxh3+ 41. Kg1 Bg4 42. Rc6 Bf3 0-1

[Event "RUS-chT"]
[Site "Dagomys"]
[Date "2008.04.04"]
[Round "3"]
[White "Grischuk, Alexander"]
[Black "Timofeev, Artyom"]
[Result "1-0"]
[WhiteElo "2716"]
[BlackElo "2664"]
[PlyCount "81"]
[EventDate "2008.04.02"]
[EventType "team"]
[EventRounds "11"]
[EventCountry "RUS"]
[SourceTitle "CBM 124"]
[Source "ChessBase"]
[SourceDate "2008.05.28"]
[SourceVersion "1"]
[SourceVersionDate "2008.05.28"]
[SourceQuality "1"]
[WhiteTeam "Ekaterinburg Ural"]
[BlackTeam "Tomsk 400"]
[WhiteTeamCountry "RUS"]
[BlackTeamCountry "RUS"]

1. Nf3 d5 2. d4 e6 3. c4 c6 4. g3 dxc4 5. Bg2 b5 6. O-O Bb7 7. a4 Nd7 8. Nc3 a6 9. Ne5 ({RR} 9. e4 Ngf6 10. Re1 Be7 11. e5 Nd5 12. Ne4 Qb6 13. a5 Qc7 14. Bg5 Bf8 15. Qc2 c5 16. Rad1 cxd4 17. Nxd4 Nxe5 18. f4 Nd3 19. Rxd3 cxd3 20. Qxd3 Bb4 21. Rd1 O-O 22. f5 e5 23. f6 g6 {Pankiv,M (2296)-McCormick,C (2059) chess.com INT 2026 0-1 (42)}) ({RR} 9. e4 b4 10. Nb1 Ngf6 11. Re1 Be7 12. Nbd2 c5 13. e5 Nd5 14. Nxc4 O-O 15. h4 h6 16. a5 Rc8 17. Ne3 Nxe3 18. Bxe3 c4 19. Nd2 Bxg2 20. Kxg2 f5 21. Qe2 Qc7 22. Rec1 Qb7+ 23. Kg1 c3 {Ivlev,A (2326)-Timofeev,A (2580) Sochi 2018 0-1 (33)}) 9... Qc8 10. Ne4 ({RR} 10. Bf4 Ngf6 11. e4 Bb4 12. g4 O-O 13. g5 Nxe5 14. Bxe5 Nd7 15. Bg3 Rd8 16. Qh5 g6 17. Qh4 Bf8 18. e5 b4 19. Ne4 c5 20. dxc5 Bxc5 21. Rac1 Bd5 22. Nd6 Bxd6 23. exd6 Bxg2 24. Kxg2 Qc6+ {Khalifman,A (2640)-Timofeev,A (2646) Sochi 2006 0-1 (38)}) 10... Ngf6 $146 ({RR} 10... Be7 11. b3 Ngf6 12. Nxd7 Qxd7 13. bxc4 Nxe4 14. Bxe4 O-O 15. Qc2 f5 16. Bf3 Qxd4 17. Rb1 b4 18. Rd1 Qf6 19. Rd7 Rab8 20. c5 Bc8 21. Rc7 e5 22. Bb2 Be6 23. Rxc6 Rfc8 24. Rxc8+ Rxc8 25. c6 {Mikhalevski,V (2571)-Timofeev,A (2657) Montreal 2006 ½-½ (53)}) 11. Nxf7 Kxf7 12. Ng5+ Kg8 13. Bh3 g6 14. e4 h6 15. Bxe6+ Kg7 16. e5 Nd5 17. Qf3 Qe8 18. Bf7 hxg5 19. Bxe8 Rxe8 20. axb5 cxb5 21. Rxa6 Bxa6 22. Qxd5 Bc8 23. Bxg5 Be7 24. f4 Rhf8 25. Qxb5 Bxg5 26. fxg5 Rxf1+ 27. Kxf1 Re6 28. Kg1 Kf7 29. Qxc4 Ba6 30. Qa4 Bc8 31. Qc4 Ba6 32. Qa4 Bc8 33. h4 Ke7 34. g4 Rb6 35. h5 gxh5 36. gxh5 Bb7 37. h6 Be4 38. d5 Bxd5 39. h7 Rb8 40. Qa3+ Kf7 41. Qd6 1-0

[Event "Titled Tue 3rd Dec Early"]
[Site "chess.com INT"]
[Date "2024.12.03"]
[Round "9"]
[White "Andreikin, D."]
[Black "Anton Guijarro, D."]
[Result "1/2-1/2"]
[WhiteElo "2695"]
[BlackElo "2673"]
[PlyCount "81"]
[EventDate "2024.12.03"]

1. d4 d5 2. c4 e6 3. Nf3 c6 4. Nbd2 f5 5. Ne5 ({RR} 5. h3 Nf6 6. g4 Bd6 7. Qc2 O-O 8. b3 Ne4 9. Bb2 a5 10. a3 b5 11. e3 a4 12. cxb5 axb3 13. Qxb3 fxg4 14. Nxe4 dxe4 15. Nd2 g3 16. Nxe4 gxf2+ 17. Kd2 cxb5 18. Bxb5 Kh8 19. Rhf1 Bb7 {Maghsoodloo,P (2699)-Moskalenko,A (2508) Chess.com INT 2022 0-1 (56)}) 5... Nf6 6. Ndf3 ({RR} 6. e3 Bd6 7. b3 O-O 8. Bb2 Nbd7 9. Be2 Ne4 10. O-O Qg5 11. f4 Qh6 12. Nxe4 fxe4 13. Bg4 Nf6 14. Bh3 g5 15. fxg5 Qxg5 16. Qe2 Nh5 17. Rxf8+ Bxf8 18. Rf1 Bd6 19. Qf2 Qe7 20. Bg4 Ng7 {Stamatiou,R (2272)-Harriott,T (1933) chess.com INT 2026 1-0 (60)}) 6... Ne4 $146 ({RR} 6... Bd6 7. Bf4 O-O 8. c5 Bc7 9. Qa4 Ne4 10. Nd3 Bxf4 11. Nxf4 b5 12. Qc2 Na6 13. Nd3 Qa5+ 14. Nd2 Nb4 15. Nxb4 Qxb4 16. f3 Nxd2 17. Qxd2 Qxd2+ 18. Kxd2 a5 19. e3 Bd7 20. Bd3 Rad8 21. f4 {Betaneli,A (2175)-Ruiz Jaraba,V (1916) Medellin COL 2024 ½-½}) ({RR} 6... Bd6 7. Bf4 O-O 8. a3 dxc4 9. g3 b5 10. Bg2 Nd5 11. O-O Bb7 12. e4 Nxf4 13. gxf4 Bxe5 14. dxe5 Na6 15. Nd4 Qe8 16. exf5 Rd8 17. f6 gxf6 18. Qg4+ Kh8 19. Nxe6 Rg8 20. Qf5 Rxg2+ 21. Kxg2 {Andreikin,D (2729)-Bilguun,S (2466) Samarkand UZB 2023 1-0}) 7. a3 Qa5+ 8. Bd2 Nxd2 9. Qxd2 Qxd2+ 10. Kxd2 a5 11. e3 Bd6 12. Bd3 O-O 13. c5 Bc7 14. b4 Nd7 15. Nxd7 Bxd7 16. Ne5 Bxe5 17. dxe5 f4 18. f3 Be8 19. Rhb1 Bg6 20. b5 fxe3+ 21. Kxe3 Bxd3 22. Kxd3 Rf4 23. bxc6 bxc6 24. Rb7 Rc4 25. Rab1 Rxc5 26. Re7 Rb5 27. Rxb5 cxb5 28. Rxe6 b4 29. axb4 axb4 30. Rb6 Ra2 31. Kd4 Rxg2 32. Rxb4 Rxh2 33. Kc5 Rh6 34. Rf4 Ra6 35. Kxd5 Ra5+ 36. Kd6 Ra6+ 37. Kd7 Ra7+ 38. Kc6 Ra6+ 39. Kd7 Ra7+ 40. Kd6 Ra6+ 41. Kd7 1/2-1/2

[Event "RUS-ch Higher League 64th"]
[Site "Taganrog"]
[Date "2011.06.23"]
[Round "8"]
[White "Tomashevsky, Evgeny"]
[Black "Zvjaginsev, Vadim"]
[Result "1/2-1/2"]
[WhiteElo "2707"]
[BlackElo "2659"]
[PlyCount "81"]
[EventDate "2011.06.15"]
[EventType "swiss"]
[EventRounds "11"]
[EventCountry "RUS"]
[SourceTitle "CBM 143"]
[Source "ChessBase"]
[SourceDate "2011.07.15"]
[SourceVersion "1"]
[SourceVersionDate "2011.07.15"]
[SourceQuality "1"]

1. d4 d5 2. c4 e6 3. Nf3 Nf6 4. g3 Be7 5. Bg2 O-O 6. O-O c5 7. dxc5 Bxc5 8. cxd5 exd5 9. Qc2 Bb6 10. Nc3 h6 ({RR} 10... Nc6 11. Bg5 d4 12. Na4 h6 13. Bxf6 Qxf6 14. Ne1 Bf5 15. Nd3 Rfe8 16. Nxb6 axb6 17. Rfe1 h5 18. h4 g6 19. Qd2 Kg7 20. Nf4 Be4 21. a3 Bxg2 22. Kxg2 Rad8 23. Rac1 Rd7 24. e4 Ne5 25. f3 {Xiong,J (2636)-Dragnev,V (2563) chess.com INT 2025 1-0 (42)}) 11. Na4 Nc6 12. Qd3 $146 ({RR} 12. Rd1 Re8 13. b3 Bg4 14. Nxb6 Qxb6 15. Bb2 Ne4 16. e3 Rac8 17. Qe2 Rcd8 18. Bd4 Nxd4 19. Rxd4 Rc8 20. Qb2 Bxf3 21. Bxf3 Qf6 22. Bg2 Nc3 23. Rd2 b5 24. b4 Rc6 25. Rf1 Rc4 26. Qa3 d4 {Vergara Anton,D (2415)-Lacasa Diaz,J (2314) Roquetas de Mar ESP 2025 ½-½ (36)}) ({RR} 12. Nxb6 Qxb6 13. Bf4 Re8 14. Rac1 d4 15. Bd6 Ne4 16. Ba3 Bf5 17. Qa4 Rad8 18. Rcd1 Nc5 19. Qc4 Ne6 20. Rfe1 Be4 21. Nh4 Bxg2 22. Kxg2 Qa5 23. Nf3 a6 24. Qc1 Qd5 25. b3 Ng5 26. Qc5 Nxf3 {Goncharov,V (2077)-Lacasa Diaz,J (2301) chess.com INT 2025 1-0 (64)}) 12... Re8 13. Nxb6 axb6 14. Be3 Ra4 15. Bd4 Bg4 16. b3 Bxf3 17. Bxf6 Qxf6 18. Qxf3 Qxf3 19. Bxf3 Ra3 20. e3 Rd8 21. Rfd1 d4 22. Bxc6 bxc6 23. Rxd4 Rda8 24. Rc1 c5 25. Rd6 R8a6 26. Rc4 Rxa2 27. Rf4 f6 28. b4 Rb2 29. bxc5 Ra1+ 30. Kg2 bxc5 31. Rd8+ Kf7 32. Rd7+ Kf8 33. Rc7 Ra3 34. e4 Ra4 35. g4 Re2 36. Kf3 Raa2 37. Kg3 Ra4 38. Kf3 Raa2 39. Kg3 Ra4 40. Kf3 Raa2 41. Kg3 1/2-1/2

[Event "Titled Tue 21st Jan Early"]
[Site "chess.com INT"]
[Date "2025.01.21"]
[Round "10"]
[White "Andreikin, D."]
[Black "Paravyan, D."]
[Result "0-1"]
[WhiteElo "2695"]
[BlackElo "2621"]
[PlyCount "82"]
[EventDate "2025.01.21"]

1. d4 d5 2. c4 e6 3. Nf3 Nf6 4. Bg5 Be7 5. e3 h6 6. Bxf6 Bxf6 7. Qc2 c5 ({RR} 7... O-O 8. h4 c5 9. g4 g6 10. g5 hxg5 11. hxg5 Bg7 12. Nc3 cxd4 13. exd4 Nc6 14. O-O-O Nb4 15. Qd2 dxc4 16. Qf4 Qa5 17. Bxc4 b5 18. Bb3 Bb7 19. Kb1 Rac8 20. Ne4 Bxe4+ 21. Qxe4 Rc7 22. Ne5 {Mamedyarov,S (2767)-So,W (2767) Chess.com INT 2019 1-0}) ({RR} 7... O-O 8. h4 c5 9. g4 cxd4 10. g5 Be7 11. gxh6 gxh6 12. Rg1+ Kh8 13. Nxd4 Nc6 14. Nc3 Rg8 15. Rxg8+ Qxg8 16. O-O-O Bxh4 17. Kb1 Nxd4 18. exd4 dxc4 19. Bxc4 Bd7 20. Rh1 Bg5 21. d5 exd5 22. Nxd5 {Andreikin,D (2710)-Aravindh,C (2693) chess.com INT 2026 ½-½ (43)}) 8. dxc5 $146 ({RR} 8. cxd5 cxd4 9. Bb5+ Bd7 10. dxe6 Qa5+ 11. Nbd2 Qxb5 12. exd7+ Qxd7 13. Qe4+ Qe7 14. Nxd4 Bxd4 15. Qxd4 O-O 16. O-O Nc6 17. Qa4 Rfd8 18. Nf3 a6 19. Rac1 Qe6 20. Rfd1 Qf6 21. Qb3 Qe7 22. h3 a5 {Matlakov,M (2674)-Manukyan,A (2106) Chess.com INT 2022 0-1}) ({RR} 8. cxd5 cxd4 9. Bb5+ Bd7 10. dxe6 Bxb5 11. exf7+ Kd7 12. Qf5+ Kc6 13. a4 Ba6 14. Na3 Qd5 15. Nxd4+ Bxd4 16. Rc1+ Bc5 17. f8=Q Rxf8 18. Qxf8 Kb6 19. a5+ Kc6 20. b4 Nd7 21. Qxa8 Qxg2 22. Rxc5+ Kd6 {Sorensen,H (2343)-Ahlander,B (2421) Fredericia 2019 1-0 (37)}) 8... Qa5+ 9. Nbd2 Qxc5 10. Rc1 Nc6 11. cxd5 Qxc2 12. Rxc2 Nb4 13. Bb5+ Kd8 14. Rc4 Nd3+ 15. Ke2 Nxb2 16. Rc2 exd5 17. Nd4 a6 18. Rxb2 Bxd4 19. exd4 axb5 20. Rxb5 Re8+ 21. Kd3 Ra3+ 22. Nb3 Rxa2 23. Rc1 Bf5+ 24. Kc3 b6 25. Rxb6 Re6 26. Rb8+ Ke7 27. Nc5 Ree2 28. Rb7+ Kf6 29. Rb6+ Kg5 30. Rb7 Kg6 31. Rb6+ Kh7 32. Rb7 Bg6 33. Nd7 h5 34. Ne5 Rxf2 35. g4 h4 36. g5 Rxh2 37. Nd7 Bf5 38. Nf8+ Kg8 39. Rb8 Rhc2+ 40. Rxc2 Rxc2+ 41. Kb3 Rc8 0-1

[Event "Clash of Claims 2024"]
[Site "Madrid ESP"]
[Date "2024.06.07"]
[Round "3"]
[White "Kramnik, V."]
[Black "Martinez Alcantara, Jose Eduardo"]
[Result "1-0"]
[WhiteElo "2753"]
[BlackElo "2612"]
[PlyCount "81"]
[EventDate "2024.06.07"]

1. d4 d5 2. c4 e6 3. Nf3 Nf6 4. g3 Bd6 5. Bg2 O-O 6. O-O Nc6 7. Nbd2 a5 8. b3 ({RR} 8. Qc2 Nb4 9. Qb1 c5 10. e3 Nc6 11. dxc5 Bxc5 12. b3 Qe7 13. Bb2 Rd8 14. Rd1 h6 15. a3 b6 16. Ne5 Bb7 17. Nxc6 Bxc6 18. cxd5 Bxd5 19. Bxd5 Rxd5 20. Bxf6 Qxf6 21. Ne4 Qe5 22. Rxd5 Qxd5 {Nakamura,H (2804)-Bluebaum,M (2663) London ENG 2025 ½-½}) 8... a4 ({RR} 8... Ne4 9. Bb2 a4 10. Nxe4 dxe4 11. Ne5 Bxe5 12. dxe5 a3 13. Bc3 e3 14. f4 Qe7 15. Qc1 Qc5 16. Rf3 Nd4 17. Bxd4 Qxd4 18. Rb1 b6 19. Qxe3 Qd8 20. Rff1 Rb8 21. Rbd1 Qe7 22. Rd2 b5 23. cxb5 {Golubovic,E (2330)-Ganiev,A (2306) chess.com INT 2026 1-0 (83)}) 9. Bb2 Bb4 $146 ({RR} 9... b6 10. Rc1 Bb7 11. Qc2 axb3 12. axb3 Nb4 13. Qb1 c5 14. dxc5 bxc5 15. cxd5 exd5 16. Ng5 g6 17. Nc4 Be7 18. Ne5 Qb8 19. Rcd1 d4 20. Bxb7 Qxb7 21. Ngf3 Qe4 22. Qxe4 Nxe4 23. Nd3 Ra2 24. Rb1 {Lazavik,D (2529)-Artemiev,V (2701) chess.com INT 2022 0-1 (35)}) ({RR} 9... Re8 10. Ne5 Bd7 11. e4 a3 12. Bc3 Bxe5 13. dxe5 d4 14. exf6 dxc3 15. Nf3 gxf6 16. e5 fxe5 17. Qd3 Qe7 18. Qxc3 e4 19. Nd2 f5 20. Rad1 e5 21. Rfe1 Nd4 22. b4 Ba4 23. Rc1 c5 24. bxc5 {Kramnik,V (2753)-Martinez Alcantara,J (2612) Madrid ESP 2024 ½-½ (61)}) 10. a3 Bxd2 11. Nxd2 axb3 12. Qxb3 Na5 13. Qc2 b6 14. Rfc1 Ba6 15. cxd5 exd5 16. Qxc7 Bxe2 17. Qxd8 Rfxd8 18. Bc3 Nc4 19. a4 Nxd2 20. Bxd2 Bc4 21. Bg5 Ra6 22. Bxf6 gxf6 23. Rab1 Kg7 24. Rb4 Rd7 25. Bf1 Bxf1 26. Kxf1 Rda7 27. Rc6 Rxa4 28. Rcxb6 Ra2 29. Rd6 R7a5 30. Rb3 Rd2 31. Rf3 Rxd4 32. Rdxf6 Ra7 33. Rd6 Rd1+ 34. Kg2 Ra4 35. Rd7 d4 36. Rdxf7+ Kg8 37. Rf8+ Kg7 38. R3f7+ Kg6 39. h4 d3 40. Rf6+ Kg7 41. h5 1-0

[Event "Moscow op-A"]
[Site "Moscow"]
[Date "2014.02.06"]
[Round "6"]
[White "Grachev, Boris V"]
[Black "Bartel, Mateusz"]
[Result "1/2-1/2"]
[WhiteElo "2669"]
[BlackElo "2651"]
[PlyCount "80"]
[EventDate "2014.02.01"]
[EventType "swiss"]
[EventRounds "9"]
[EventCountry "RUS"]
[SourceTitle "CBM 158 Extra"]
[Source "ChessBase"]
[SourceDate "2014.02.28"]
[SourceVersion "1"]
[SourceVersionDate "2014.02.28"]
[SourceQuality "1"]

1. d4 d5 2. c4 e6 3. Nf3 c6 4. Bg5 Be7 5. Bxe7 Qxe7 6. Qc2 Nf6 7. e3 O-O 8. Nc3 Nbd7 ({RR} 8... dxc4 9. Bxc4 c5 10. d5 exd5 11. Nxd5 Nxd5 12. Bxd5 Nd7 13. Rc1 Rb8 14. O-O Nf6 15. Rfd1 b6 16. Bc4 Bb7 17. Be2 Rfd8 18. Rxd8+ Rxd8 19. Rd1 Rxd1+ {½-½ (19) Bacrot,E (2671)-Lautier,J (2670) Reykjavik 2003}) ({RR} 8... dxc4 9. Bxc4 c5 10. O-O cxd4 11. exd4 Qc7 12. Qe2 Nc6 13. Rac1 Qf4 14. Qe3 Qxe3 15. fxe3 Rd8 16. Rcd1 Ng4 17. Rfe1 b6 18. e4 Bb7 19. d5 Nce5 20. Bb3 Nxf3+ 21. gxf3 Ne5 22. Kf2 Kf8 23. Kg3 {Grachev,B (2652)-Pavasovic,D (2607) Sibenik 2009 ½-½ (68)}) 9. Rc1 ({RR} 9. Rd1 Re8 10. Be2 h6 11. O-O dxc4 12. Bxc4 e5 13. Ne4 Nxe4 14. Qxe4 exd4 15. Qxe7 Rxe7 16. Rxd4 Kf8 17. Rfd1 Nb6 18. Bb3 Be6 {½-½ (18) Sivuk,V (2499)-Fodor,T (2494) Jyvaskyla FIN 2026}) 9... e5 $146 ({RR} 9... dxc4 10. Bxc4 e5 11. dxe5 Nxe5 12. Be2 Nxf3+ 13. Bxf3 Rd8 14. O-O Bg4 15. Bxg4 Nxg4 16. h3 Nf6 17. Rfd1 Rxd1+ 18. Rxd1 Rd8 19. Rxd8+ Qxd8 20. Qf5 h6 21. e4 Qd2 22. Qc8+ Kh7 23. Qf5+ Kg8 24. Qc8+ {Akesson,J (2325)-Smith,A (2415) Sweden 2010 ½-½}) ({RR} 9... b6 10. cxd5 exd5 11. Bd3 Bb7 12. O-O c5 13. Rce1 Rfe8 14. Nd2 cxd4 15. Nb5 dxe3 16. Rxe3 Qc5 17. Rfe1 Rxe3 18. Rxe3 a6 19. Qxc5 Nxc5 20. Nd6 Bc6 21. b4 Ne6 22. Bf5 Nd4 23. Bc8 Nb5 24. Nf5 {Farago,I (2472)-Bacrot,E (2712) Mainz 2004 0-1}) 10. cxd5 cxd5 11. Be2 e4 12. Nd2 Nb6 13. Na4 Bg4 14. Nxb6 axb6 15. Bxg4 Nxg4 16. h3 Nh6 17. O-O Rxa2 18. Nb1 Nf5 19. Nc3 Ra5 20. Ra1 Qd6 21. Rxa5 bxa5 22. Qb3 Ne7 23. Qxb7 Rb8 24. Qa7 Rxb2 25. Qxa5 h5 26. Qa1 Rb8 27. Rb1 Rxb1+ 28. Qxb1 h4 29. Qb7 g5 30. Na4 f5 31. Nc5 f4 32. Nd7 fxe3 33. fxe3 Qg3 34. Nf6+ Kf7 35. Nxd5 Qe1+ 36. Kh2 Qg3+ 37. Kg1 Qe1+ 38. Kh2 Qg3+ 39. Kh1 Qe1+ 40. Kh2 Qg3+ 1/2-1/2

[Event "Andorra op 33rd"]
[Site "La Massana"]
[Date "2015.07.24"]
[Round "7"]
[White "Granda Zuniga, Julio E"]
[Black "Tkachiev, Vladislav"]
[Result "1-0"]
[WhiteElo "2652"]
[BlackElo "2661"]
[PlyCount "79"]
[EventDate "2015.07.18"]
[EventType "swiss"]
[EventRounds "9"]
[EventCountry "AND"]
[SourceTitle "CBM 167 Extra"]
[Source "ChessBase"]
[SourceDate "2015.09.14"]
[SourceVersion "1"]
[SourceVersionDate "2015.09.14"]
[SourceQuality "1"]

1. d4 Nf6 2. c4 e6 3. Nf3 d5 4. e3 Be7 5. a3 O-O 6. b4 ({RR} 6. Nbd2 Nbd7 7. b4 a5 8. b5 c5 9. Bb2 b6 10. Bd3 Bb7 11. O-O Re8 12. Rc1 Qb8 13. Ne5 Nxe5 14. dxe5 Nd7 15. f4 f6 16. Qg4 f5 17. Qh3 g6 18. g4 Kh8 19. cxd5 Bxd5 20. e4 Bb7 {Yen,Y (1602)-Cirulli,L (1460) Montesilvano ITA 2026 1-0 (46)}) 6... a5 ({RR} 6... c6 7. Bb2 a5 8. c5 b6 9. Nbd2 Ba6 10. Bxa6 Rxa6 11. O-O Qc8 12. Ne5 Nbd7 13. f4 axb4 14. axb4 Rxa1 15. Bxa1 Qb7 16. Qf3 Ra8 17. b5 Nb8 18. bxc6 Nxc6 19. Rb1 Nxe5 20. fxe5 Nd7 21. Nc4 {Krasenkow,M (2631)-Olszewski,M (2559) Warsaw 2009 ½-½ (37)}) 7. b5 c5 8. Bb2 Nbd7 $146 ({RR} 8... b6 9. Nbd2 Bb7 10. Rc1 Nbd7 11. Bd3 cxd4 12. Nxd4 dxc4 13. Nxc4 Bxg2 14. Rg1 Bd5 15. Nc6 Qe8 16. Rxg7+ Kxg7 17. Qg4+ Kh8 18. Qh4 e5 19. N4xe5 Nc5 20. Qxh7+ Nxh7 21. Nxf7+ {1-0 (21) Gasanov,E (2481)-Tabatabaei,M (2629) Chess.com INT 2020}) ({RR} 8... b6 9. Nbd2 Bb7 10. Rc1 Nbd7 11. Bd3 cxd4 12. Nxd4 dxc4 13. Nxc4 Bxg2 14. Rg1 Bd5 15. Nc6 Qe8 16. Rxg7+ Kxg7 17. Qg4+ Kh8 18. Qh4 e5 19. N4xe5 Nc5 20. Qxh7+ Nxh7 21. Nxf7+ {1-0 (21) Gasanov,E (2481)-Tabatabaei,M (2629) Chess.com INT 2020}) 9. cxd5 Nxd5 10. Be2 cxd4 11. Bxd4 Bf6 12. O-O Qe7 13. Bxf6 N7xf6 14. Qd4 Rd8 15. Rc1 Bd7 16. Nbd2 Be8 17. a4 Nd7 18. e4 Nb4 19. e5 Nf8 20. Qb2 Ng6 21. g3 Nd3 22. Bxd3 Rxd3 23. Rc3 Qd8 24. Nc4 Rc8 25. Rxd3 Qxd3 26. Nd6 Rc3 27. Ne1 Qd4 28. Nf3 Qd3 29. Ne1 Qd4 30. Rb1 Bd7 31. Nxb7 h5 32. Nxa5 h4 33. b6 hxg3 34. b7 Nf4 35. b8=Q+ Kh7 36. hxg3 Rxg3+ 37. Kf1 Rh3 38. Q8b7 Qa7 39. Qe4+ Ng6 40. Qb6 1-0

[Event "Lake Sevan"]
[Site "Martuni"]
[Date "2016.07.19"]
[Round "2"]
[White "Vidit, Santosh Gujrathi"]
[Black "Ter Sahakyan, Samvel"]
[Result "1/2-1/2"]
[WhiteElo "2658"]
[BlackElo "2605"]
[PlyCount "80"]
[EventDate "2016.07.18"]
[EventType "tourn"]
[EventRounds "9"]
[EventCountry "ARM"]
[EventCategory "16"]
[SourceTitle "CBM 174"]
[Source "ChessBase"]
[SourceDate "2016.09.13"]
[SourceVersion "1"]
[SourceVersionDate "2016.09.13"]
[SourceQuality "1"]

1. d4 d5 2. c4 c6 3. Nf3 Nf6 4. e3 e6 5. b3 a5 ({RR} 5... Nbd7 6. Bb2 b6 7. Bd3 Bb7 8. O-O Bd6 9. Nc3 O-O 10. Qc2 Re8 11. Rad1 Qe7 12. e4 dxe4 13. Nxe4 Nxe4 14. Bxe4 Nf6 15. Bd3 Ba3 16. Ba1 h6 17. Rfe1 Rad8 18. h3 a5 19. Re3 Qc7 20. Qe2 {Kramnik,V (2766)-Van Wely,L (2683) Monte Carlo 2007 1-0 (74)}) 6. a3 ({RR} 6. Bd3 a4 7. bxa4 Qa5+ 8. Nbd2 Qxa4 9. Bc2 Qa6 10. Bb3 Be7 11. O-O O-O 12. a4 Nbd7 13. Ba3 Bxa3 14. Rxa3 c5 15. cxd5 exd5 16. dxc5 Nxc5 17. Qc2 Nxb3 18. Nxb3 Bg4 19. Nfd4 Rac8 20. Qb2 Rc4 {Olhovik,A (2282)-Abdurakhmonov,M (2396) chess.com INT 2025 0-1 (61)}) 6... Bd6 7. Nc3 $146 ({RR} 7. Bb2 O-O 8. Bd3 b6 9. O-O Bb7 10. Nbd2 c5 11. cxd5 exd5 12. Ne5 Re8 13. f4 Ba6 14. Qe2 Bxd3 15. Qxd3 a4 16. b4 c4 17. Qc2 b5 18. e4 Bc7 19. Nxf7 Kxf7 20. e5 Kg8 21. exf6 Qxf6 {Sarrau,J (2306)-Hovhannisyan,M (2505) Leuven 2013 0-1 (36)}) ({RR} 7. Bd3 Ne4 8. Bb2 O-O 9. Qc2 f5 10. O-O Nd7 11. Ne5 Nxe5 12. dxe5 Bc7 13. c5 b6 14. b4 Qe7 15. f3 Nxc5 16. bxc5 bxc5 17. Nd2 c4 18. Be2 Bb6 19. Bd4 Qa7 20. Qb2 c5 21. Bc3 Ba6 {Manukyan,S (2266)-Ter Sahakyan,S (2546) Yerevan 2018 ½-½ (69)}) 7... Ne4 8. Nxe4 dxe4 9. Nd2 f5 10. c5 Bc7 11. Bb2 Qe7 12. Nc4 Nd7 13. Qc2 O-O 14. O-O-O Nf6 15. h3 Bd7 16. g4 Be8 17. gxf5 exf5 18. Rg1 Nd5 19. Ne5 Bf7 20. Be2 Be6 21. Rg2 Rf6 22. Rdg1 Raf8 23. Bc4 Rh6 24. Rg3 Bxe5 25. dxe5 Rf7 26. Bxd5 cxd5 27. f4 exf3 28. Rxf3 Rh4 29. Rgf1 Qg5 30. Kb1 f4 31. Ka1 Rxh3 32. Rxh3 Bxh3 33. Rxf4 Qg1+ 34. Ka2 Qxe3 35. Rxf7 Kxf7 36. Qxh7 Be6 37. Qh5+ Kf8 38. Qh8+ Kf7 39. Qh5+ Kf8 40. Qh8+ Kf7 1/2-1/2

[Event "Vladimir Petrov Memorial op"]
[Site "Jurmala"]
[Date "2015.03.07"]
[Round "5"]
[White "Ivanchuk, Vassily"]
[Black "Malakhov, Vladimir"]
[Result "1/2-1/2"]
[WhiteElo "2731"]
[BlackElo "2706"]
[PlyCount "80"]
[EventDate "2015.03.07"]
[EventType "swiss"]
[EventRounds "11"]
[EventCountry "LAT"]
[SourceTitle "CBM 165 Extra"]
[Source "ChessBase"]
[SourceDate "2015.04.21"]
[SourceVersion "1"]
[SourceVersionDate "2015.04.21"]
[SourceQuality "1"]

1. c4 Nf6 2. d4 c6 3. Bf4 d5 4. e3 e6 5. Nf3 Bd6 ({RR} 5... Nbd7 6. h3 Be7 7. Bd3 O-O 8. O-O b6 9. Nc3 Bb7 10. Qe2 c5 11. cxd5 exd5 12. dxc5 bxc5 13. Rfd1 Nb6 14. Rac1 Rc8 15. Ne5 d4 16. exd4 cxd4 17. Ne4 Qd5 18. f3 Qa5 19. a3 Nfd5 20. Bh2 {Sukandar,I (2330)-Bezerra,F (2096) chess.com INT 2025 1-0}) 6. Bg3 ({RR} 6. Bxd6 Qxd6 7. Nc3 O-O 8. Qb3 Nbd7 9. Rd1 a5 10. Be2 Qb4 11. Qc2 dxc4 12. a3 Qe7 13. Bxc4 e5 14. O-O exd4 15. Nxd4 Ne5 16. Ba2 g6 17. e4 c5 18. Nde2 Be6 19. Nd5 Nxd5 20. exd5 Bf5 {Chernyshov,K (2550)-Madl,I (2379) Zalakaros 2008 1-0}) 6... Bxg3 $146 ({RR} 6... O-O 7. Nc3 Qe7 8. Bd3 Nbd7 9. O-O dxc4 10. Bxc4 Bxg3 11. hxg3 b5 12. Be2 Bb7 13. Qc2 Rac8 14. Rfd1 b4 15. Na4 c5 16. dxc5 Nxc5 17. Nxc5 Rxc5 18. Qd2 Rd5 19. Qe1 a5 20. Rac1 Rfd8 21. Nd4 {Celik,E (1939)-Duran,E (1939) Kocaeli 2017 0-1 (42)}) ({RR} 6... O-O 7. Bd3 Ne4 8. Nbd2 f5 9. Ne5 Qc7 10. c5 Bxe5 11. Bxe5 Qf7 12. Nf3 h6 13. Bxb8 Rxb8 14. Ne5 Qe8 15. f3 Nf6 16. Qc2 Nd7 17. f4 Nxe5 18. fxe5 Bd7 19. O-O Qe7 20. Rf2 Qg5 21. Rf3 {Lehotzky,A-Sanborn,R Lansing 1989 1-0 (67)}) 7. hxg3 Nbd7 8. Nc3 Qe7 9. Qc2 h6 10. O-O-O O-O 11. Rh4 e5 12. cxd5 cxd5 13. dxe5 Nxe5 14. Nxe5 Qxe5 15. Rhd4 Be6 16. Bd3 Rfc8 17. Kb1 Rc6 18. Qd2 Rac8 19. Ka1 a6 20. Qe1 b5 21. f3 Bf5 22. Bf1 Bg6 23. g4 Qe7 24. Bd3 Bxd3 25. R4xd3 Re6 26. Qd2 Re8 27. Re1 b4 28. Nxd5 Nxd5 29. Rxd5 Rxe3 30. Rxe3 Qxe3 31. Qxe3 Rxe3 32. Kb1 Re2 33. Ra5 Rxg2 34. Rxa6 f5 35. gxf5 h5 36. Ra8+ Kf7 37. Rh8 b3 38. axb3 Rg5 39. Kc2 Rxf5 40. Kd2 Rxf3 1/2-1/2